Loading...
| Science - Biology | 0 | 5 | 2 | 0 | 40 | 64 | 85.40 | 0 | 1 | 0.00 | 0.00 |
| History - World | 0 | 4 | 0 | 2 | 40 | 82 | 105.25 | 0 | 0 | 0.00 | 0.00 |
| Fine Arts - Classical Music | 0 | 4 | 0 | 1 | 40 | 103 | 130.75 | 0 | 0 | 0.00 | 0.00 |
| Fine Arts - Visual | 0 | 4 | 1 | 1 | 35 | 71 | 110.50 | 0 | 0 | 0.00 | 0.00 |
| Literature - World/Other | 0 | 3 | 0 | 0 | 30 | 73 | 110.00 | 0 | 1 | 0.00 | 0.00 |
| Science - Physics | 0 | 3 | 0 | 0 | 30 | 62 | 95.67 | 0 | 0 | 0.00 | 0.00 |
| History - American | 0 | 3 | 0 | 1 | 30 | 73 | 99.00 | 0 | 1 | 0.00 | 0.00 |
| Religion | 0 | 3 | 0 | 1 | 30 | 84 | 113.00 | 0 | 0 | 0.00 | 0.00 |
| Philosophy | 0 | 3 | 0 | 1 | 30 | 104 | 112.67 | 0 | 0 | 0.00 | 0.00 |
| Literature - European | 0 | 3 | 1 | 0 | 25 | 54 | 92.00 | 0 | 2 | 0.00 | 0.00 |
| Literature - American | 0 | 3 | 1 | 0 | 25 | 73 | 97.00 | 0 | 0 | 0.00 | 0.00 |
| Literature - British | 0 | 3 | 2 | 1 | 20 | 92 | 114.33 | 0 | 0 | 0.00 | 0.00 |
| History - Other | 0 | 3 | 2 | 1 | 20 | 72 | 94.33 | 0 | 1 | 0.00 | 0.00 |
| Social Science | 0 | 2 | 0 | 0 | 20 | 77 | 77.50 | 0 | 1 | 0.00 | 0.00 |
| Mythology | 0 | 2 | 1 | 1 | 15 | 80 | 108.50 | 0 | 0 | 0.00 | 0.00 |
| Science - Other | 0 | 2 | 1 | 1 | 15 | 102 | 106.50 | 0 | 0 | 0.00 | 0.00 |
| Other Academic | 0 | 1 | 0 | 0 | 10 | 56 | 56.00 | 0 | 0 | 0.00 | 0.00 |
| History - European | 0 | 1 | 0 | 0 | 10 | 112 | 112.00 | 0 | 0 | 0.00 | 0.00 |
| Fine Arts - Other | 0 | 1 | 0 | 0 | 10 | 51 | 51.00 | 1 | 1 | 0.00 | 0.00 |
| Science - Chemistry | 0 | 1 | 1 | 0 | 5 | 53 | 53.00 | 0 | 1 | 0.00 | 0.00 |
| Geography/Current Events | 0 | 1 | 1 | 1 | 5 | 130 | 130.00 | 0 | 0 | 0.00 | 0.00 |